[Event "VIII Open"]
[Site "Padova ITA"]
[Date "2005.12.14"]
[Round "5"]
[White "Isonzo, David"]
[Black "Mosconi, Ariel Oscar"]
[Result "1-0"]
[WhiteElo "2337"]
[BlackElo "2164"]
[PlyCount "93"]
[EventDate "2005.12.10"]

1. e4 c5 2. Nf3 a6 3. g3 d6 4. Bg2 Nd7 5. d4 cxd4 6. Nxd4 Ndf6 7. O-O e5 8. Ne2
Ne7 9. Nbc3 Be6 10. Bg5 Qc7 11. Qd2 Rd8 12. a4 h6 13. Bxf6 gxf6 14. a5 h5 15.
Nd5 Bxd5 16. exd5 h4 17. Ra3 Bh6 18. Qb4 hxg3 19. hxg3 Qxc2 20. Nc3 Qh7 21. Rd1
f5 22. Qxb7 Bg5 23. Qxa6 Qh2+ 24. Kf1 O-O 25. Qe2 Ng6 26. Qf3 Ne7 27. g4 e4 28.
Qg3 Qxg3 29. fxg3 e3 30. gxf5 Rb8 31. Ra2 Nxf5 32. Ne4 Rfe8 33. Ke2 Bd8 34. g4
Nh4 35. Bh1 Ng6 36. Kxe3 Kg7 37. Kd2 Rh8 38. Kc2 Rh2+ 39. Kb1 Nf4 40. a6 Bb6
41. Nxd6 Ba7 42. Nf5+ Kf6 43. d6 Ne2 44. Bb7 Kg5 45. Ra4 Rg2 46. Ne7 Bd4 47.
Rdxd4 1-0

[Event "VIII Open"]
[Site "Padova ITA"]
[Date "2005.12.14"]
[Round "5"]
[White "Laketic, Gojko"]
[Black "Dervishi, Erald"]
[Result "0-1"]
[WhiteElo "2479"]
[BlackElo "2489"]
[PlyCount "76"]
[EventDate "2005.12.10"]

1. d4 Nf6 2. c4 e6 3. Nc3 d5 4. Bg5 Be7 5. e3 O-O 6. cxd5 exd5 7. Bd3 Nbd7 8.
Nge2 Re8 9. O-O Nf8 10. Qc2 c6 11. Rab1 Ng6 12. Bxf6 Bxf6 13. b4 a6 14. a4 b5
15. e4 dxe4 16. Bxe4 Bd7 17. Rfd1 Rc8 18. Ng3 Be6 19. Nce2 Bd5 20. Bf5 Rc7 21.
Be4 Nf8 22. Rbc1 Ree7 23. Qd3 Red7 24. h3 g6 25. Bxd5 Rxd5 26. Ne4 Ne6 27.
Nxf6+ Qxf6 28. axb5 axb5 29. Qe4 Qd8 30. Rc3 Qd6 31. Qc2 h5 32. Qe4 Re7 33. Qh4
Rd7 34. Rg3 Qxb4 35. Nc3 Rxd4 36. Rxd4 Rxd4 37. Qf6 Qd6 38. Rf3 Rf4 0-1

[Event "VIII Open"]
[Site "Padova ITA"]
[Date "2005.12.14"]
[Round "5"]
[White "Milanesi, Erminio"]
[Black "Belloni, Umberto"]
[Result "0-1"]
[WhiteElo "1616"]
[BlackElo "1910"]
[PlyCount "102"]
[EventDate "2005.12.10"]

1. e4 e6 2. d3 d5 3. Nd2 Nf6 4. g3 dxe4 5. Nxe4 Nxe4 6. dxe4 Qxd1+ 7. Kxd1 Bc5
8. Ke2 b6 9. Be3 Nd7 10. Bxc5 Nxc5 11. f3 Bb7 12. b3 O-O-O 13. Rd1 Rxd1 14.
Kxd1 Nxe4 15. Ke1 Nc3 16. a4 Rd8 17. Bd3 h6 18. Kf2 Nd1+ 19. Ke1 Nb2 20. Be2 c5
21. Nh3 c4 22. Nf2 cxb3 23. cxb3 Bd5 24. Nd1 Nxd1 25. Bxd1 Kd7 26. Rf1 Rc8 27.
Kd2 Rc5 28. f4 Be4 29. Rf2 Kd6 30. Ke3 Bg6 31. Rb2 Rc3+ 32. Kd2 Rd3+ 33. Ke2
Rd4 34. Rd2 Bh5+ 35. Ke3 Rxd2 36. Kxd2 Bxd1 37. Kxd1 Kc5 38. Kc2 f6 39. Kc3 a5
40. h4 e5 41. fxe5 fxe5 42. h5 e4 43. g4 Kd5 44. b4 axb4+ 45. Kxb4 Kd4 46. Kb5
e3 47. Kxb6 e2 48. a5 e1=Q 49. a6 Qe4 50. a7 Ke3 51. Kc7 Qa8 0-1

[Event "VIII Open"]
[Site "Padova ITA"]
[Date "2005.12.14"]
[Round "5"]
[White "Naumkin, Igor"]
[Black "Navarro, Stefano"]
[Result "1-0"]
[WhiteElo "2445"]
[BlackElo "2224"]
[PlyCount "117"]
[EventDate "2005.12.10"]

1. d4 d5 2. c4 e6 3. Nf3 c6 4. Bg5 Be7 5. Bxe7 Qxe7 6. Nc3 Nf6 7. e3 Nbd7 8.
Qc2 O-O 9. a3 Re8 10. Rd1 a6 11. Bd3 dxc4 12. Bxc4 e5 13. O-O exd4 14. exd4 Nb6
15. Rfe1 Qf8 16. Rxe8 Qxe8 17. Re1 Qd8 18. Ba2 Nbd5 19. Bxd5 cxd5 20. h3 h6 21.
Qb3 b6 22. Ne5 Qd6 23. Na4 Rb8 24. Rc1 Bd7 25. Nc3 Rc8 26. Re1 Bf5 27. Qb4 Qd8
28. Qa4 a5 29. Nc6 Bd7 30. Nxd8 Bxa4 31. Nxa4 Rxd8 32. Nxb6 Rb8 33. Na4 Ne4 34.
Rc1 Rb3 35. Rc8+ Kh7 36. Rd8 Nf6 37. Ra8 Rd3 38. Rxa5 Rd1+ 39. Kh2 Rxd4 40. b4
Rd3 41. Nc5 Rc3 42. Ra8 d4 43. Rd8 Rxa3 44. Rxd4 Ra2 45. Nd3 Rd2 46. b5 Ne4 47.
Rxe4 Rxd3 48. Rb4 Rd7 49. Kg3 Kg6 50. Kf4 Kf6 51. Ke3 Rb7 52. Kd4 Ke6 53. Rb2
Kd6 54. Kc4 Kc7 55. Kc5 Kb8 56. Kd6 Rb6+ 57. Ke7 Rf6 58. Kf8 Rg6 59. g4 1-0

[Event "VIII Open"]
[Site "Padova ITA"]
[Date "2005.12.14"]
[Round "5"]
[White "Opacic, Alexandar"]
[Black "D'Innocente, Stefano"]
[Result "0-1"]
[WhiteElo "2122"]
[BlackElo "2262"]
[PlyCount "138"]
[EventDate "2005.12.10"]

1. e4 c5 2. Nf3 d6 3. Bb5+ Bd7 4. Bxd7+ Qxd7 5. d4 cxd4 6. Nxd4 Nf6 7. Qe2 Nc6
8. Nb3 g6 9. O-O Bg7 10. Nc3 O-O 11. Bg5 h6 12. Bf4 Rac8 13. h3 b6 14. Rfe1 Qb7
15. Rad1 Kh7 16. Bc1 Nd7 17. Nd5 Nc5 18. Nxc5 dxc5 19. c3 e6 20. Ne3 b5 21. f4
c4 22. e5 Rfd8 23. Ng4 Ne7 24. Be3 Nd5 25. Qf3 Rd7 26. Bd4 a5 27. Nf2 Bf8 28.
Ne4 Be7 29. g4 Rg8 30. Kh2 Qc7 31. Kh1 b4 32. f5 Qc6 33. f6 Bd8 34. h4 Bc7 35.
Rd2 Rh8 36. Rg2 Kg8 37. h5 g5 38. Nd2 bxc3 39. bxc3 Rd8 40. Rb1 Rc8 41. Qe4 a4
42. a3 Ba5 43. Qf3 Kh7 44. Ne4 Bc7 45. Rgb2 Rhd8 46. Nc5 Kg8 47. Rb5 Rb8 48.
Nb7 Rdc8 49. Na5 Rxb5 50. Nxc6 Rxb1+ 51. Kg2 Bb6 52. Ne7+ Nxe7 53. fxe7 Bxd4
54. cxd4 Rb2+ 55. Kf1 c3 56. e8=Q+ Rxe8 57. Qxc3 Reb8 58. Qc7 R8b7 59. Qd8+ Kh7
60. Qc8 R7b3 61. Qf8 Rf3+ 62. Ke1 Rbb3 63. Ke2 Rxa3 64. d5 exd5 65. Qd6 Rae3+
66. Kd2 a3 67. e6 Rxe6 68. Qxd5 Ref6 69. Ke1 a2 0-1

[Event "VIII Open"]
[Site "Padova ITA"]
[Date "2005.12.14"]
[Round "5"]
[White "Palumbo, Giuseppe"]
[Black "Quaranta, Gaetano"]
[Result "0-1"]
[WhiteElo "1631"]
[BlackElo "1625"]
[PlyCount "52"]
[EventDate "2005.12.10"]

1. e4 e5 2. Nf3 Nc6 3. Bc4 Nf6 4. d3 d5 5. exd5 Nxd5 6. h3 Be6 7. Bb5 Qd6 8.
Qe2 f6 9. Bd2 a6 10. Ba4 b5 11. Bb3 Be7 12. O-O O-O 13. Nc3 Nxc3 14. Bxe6+ Qxe6
15. Bxc3 b4 16. Bd2 Bc5 17. c3 Qf5 18. d4 Bd6 19. Qc4+ Kh8 20. Qxc6 e4 21. Nh2
bxc3 22. bxc3 Qg6 23. f3 f5 24. fxe4 Bxh2+ 25. Kxh2 Qxc6 26. exf5 Rab8 0-1

[Event "VIII Open"]
[Site "Padova ITA"]
[Date "2005.12.14"]
[Round "5"]
[White "Roberti, Ignazio"]
[Black "Cardili, Mariano"]
[Result "0-1"]
[WhiteElo "1937"]
[BlackElo "2066"]
[PlyCount "78"]
[EventDate "2005.12.10"]

1. e4 c6 2. d4 d5 3. f3 e6 4. Nc3 Bb4 5. Bf4 Nf6 6. Qd3 b6 7. Nge2 Ba6 8. Qe3
c5 9. O-O-O O-O 10. h3 Nc6 11. e5 Nd7 12. a3 Bxc3 13. Qxc3 Bxe2 14. Bxe2 Nxd4
15. Bd3 Nc6 16. Bg3 Qg5+ 17. f4 Qe7 18. Kb1 c4 19. Be2 b5 20. Bf2 a5 21. g4 b4
22. Qf3 Rfc8 23. h4 c3 24. a4 cxb2 25. g5 Nc5 26. Bb5 Ne4 27. Rd3 b3 28. Kxb2
Nb4 29. c3 Nxd3+ 30. Bxd3 Nxc3 31. Ra1 Qb4 32. g6 hxg6 33. h5 Nxa4+ 34. Rxa4
Qxa4 35. Bb1 Rc2+ 36. Bxc2 Qa2+ 37. Kc3 Rc8+ 38. Kd4 bxc2 39. Qe2 Qc4+ 0-1

[Event "VIII Open"]
[Site "Padova ITA"]
[Date "2005.12.14"]
[Round "5"]
[White "Rosina, Graziano"]
[Black "Tamburrini, Pierluigi"]
[Result "0-1"]
[WhiteElo "1509"]
[BlackElo "1643"]
[PlyCount "116"]
[EventDate "2005.12.10"]

1. e4 e6 2. c4 c5 3. Nf3 Nc6 4. d4 cxd4 5. Nxd4 Bc5 6. Nxc6 bxc6 7. Nc3 Qh4 8.
Qc2 Nf6 9. g3 Qh5 10. Be2 Qg6 11. h4 h6 12. h5 Qh7 13. Bd3 Ng4 14. Nd1 Ne5 15.
Be2 Bb4+ 16. Bd2 Bxd2+ 17. Kxd2 c5 18. Nc3 Bb7 19. f3 f5 20. Rhf1 O-O 21. f4
Nc6 22. e5 Nd4 23. Qd3 d6 24. exd6 Rad8 25. Nb5 Be4 26. Qc3 Nxb5 27. cxb5 Rxd6+
28. Ke3 Rc8 29. Rfd1 Bd5 30. Bf3 Kh8 31. Qe5 Rdd8 32. Kf2 Qg8 33. Bxd5 exd5 34.
Qxf5 d4 35. Rd2 Qe8 36. Re1 Qxb5 37. Re7 Rg8 38. Rxa7 Rce8 39. Qd3 Qc6 40. Re2
Rxe2+ 41. Qxe2 c4 42. Ra3 Re8 43. Qf3 Qb6 44. b3 d3+ 45. Kf1 Qb4 46. Ra8 Qe1+
47. Kg2 d2 48. Rxe8+ Qxe8 49. bxc4 Qe1 50. Qg4 Qe4+ 51. Kh2 Qd3 52. Qd1 Qe3 53.
Qg4 Qf2+ 54. Kh3 Qe1 55. Qc8+ Kh7 56. Qf5+ Kg8 57. Qc8+ Kf7 58. Qd7+ Qe7 0-1

[Event "VIII Open"]
[Site "Padova ITA"]
[Date "2005.12.14"]
[Round "5"]
[White "Russo, Carmelo"]
[Black "Cedriano, Filippo"]
[Result "0-1"]
[WhiteElo "1728"]
[BlackElo "2039"]
[PlyCount "49"]
[EventDate "2005.12.10"]

1. d4 d5 2. Nf3 Nf6 3. Bg5 Ne4 4. Nbd2 Nxg5 5. Nxg5 h6 6. Ngf3 Bf5 7. g3 e6 8.
Bg2 c5 9. O-O Nc6 10. c3 cxd4 11. Nxd4 Nxd4 12. cxd4 Qd7 13. e4 dxe4 14. Nxe4
Bxe4 15. Bxe4 Be7 16. Rc1 O-O 17. Qd3 Rad8 18. Rfd1 Kh8 19. b3 f5 20. Bg2 e5
21. Qf3 e4 22. Qf4 Bg5 23. Qe5 Bxc1 24. Rxc1 Qxd4 25. Qf4 {...} 0-1

[Event "VIII Open"]
[Site "Padova ITA"]
[Date "2005.12.14"]
[Round "5"]
[White "Sautto, Alessandra"]
[Black "Gallo, Enrico"]
[Result "0-1"]
[WhiteElo "1939"]
[BlackElo "2113"]
[PlyCount "68"]
[EventDate "2005.12.10"]

1. d4 Nf6 2. Nf3 e6 3. Bf4 c5 4. c3 Nc6 5. e3 b6 6. Bd3 Bb7 7. h3 Be7 8. O-O
O-O 9. Nbd2 Rc8 10. Rc1 h6 11. Qe2 d6 12. e4 cxd4 13. Nxd4 Nb8 14. Bg3 Nbd7 15.
b4 Ne5 16. Bb1 a6 17. f4 Nc6 18. Nxc6 Bxc6 19. e5 dxe5 20. fxe5 Nh5 21. Be1 g6
22. Nb3 Bg5 23. Rd1 Bb5 24. Rxd8 Bxe2 25. Rxf8+ Kxf8 26. Bxg6 Be3+ 27. Bf2 Bxf1
28. Bxe3 fxg6 29. Bxh6+ Kf7 30. Kxf1 Rxc3 31. Bd2 Rc2 32. Be3 Ng3+ 33. Kg1 b5
34. Kh2 Nf1+ 0-1

[Event "VIII Open"]
[Site "Padova ITA"]
[Date "2005.12.15"]
[Round "6"]
[White "Belloni, Umberto"]
[Black "Contini, Davide"]
[Result "0-1"]
[WhiteElo "1910"]
[BlackElo "2056"]
[PlyCount "124"]
[EventDate "2005.12.10"]

1. d4 Nf6 2. c3 d5 3. Bg5 Ne4 4. Bh4 Nd7 5. Nd2 Ndf6 6. Nxe4 Nxe4 7. f3 Nf6 8.
e3 e6 9. Bd3 Be7 10. Ne2 c5 11. O-O Nh5 12. Bf2 O-O 13. g4 Nf6 14. Ng3 Nd7 15.
f4 Bd6 16. Kg2 f6 17. h4 e5 18. f5 cxd4 19. cxd4 e4 20. Bc2 Nb6 21. Bb3 Kh8 22.
Nh1 Bd7 23. Bg3 Bb5 24. Rf2 Rc8 25. Rc1 Rxc1 26. Qxc1 Bd3 27. Bxd6 Qxd6 28. Ng3
Rc8 29. Qe1 a6 30. Ne2 Bxe2 31. Rxe2 Rc6 32. Qg3 Qxg3+ 33. Kxg3 Kg8 34. Kf4 a5
35. Bxd5+ Nxd5+ 36. Kxe4 Nb6 37. b3 Rc1 38. Rg2 Kf7 39. g5 Rc3 40. g6+ hxg6 41.
Rxg6 Rc2 42. Rg3 Rxa2 43. Rh3 Rg2 44. h5 a4 45. bxa4 Nxa4 46. h6 gxh6 47. Rxh6
Kg7 48. Rh1 Nc3+ 49. Kd3 Nb5 50. Kc4 Nd6+ 51. Kd5 Nxf5 52. e4 Ne7+ 53. Kd6 Nc6
54. d5 Ne5 55. Rb1 Re2 56. Rxb7+ Nf7+ 57. Kc5 Rxe4 58. d6 Re1 59. Rc7 Rd1 60.
d7 Rc1+ 61. Kb6 Rxc7 62. Kxc7 f5 0-1

[Event "VIII Open"]
[Site "Padova ITA"]
[Date "2005.12.15"]
[Round "6"]
[White "Canazza, Alessandro"]
[Black "Tamburrini, Pierluigi"]
[Result "1/2-1/2"]
[WhiteElo "1727"]
[BlackElo "1643"]
[PlyCount "36"]
[EventDate "2005.12.10"]

1. c4 c6 2. Nc3 Nf6 3. d4 d5 4. e3 Bf5 5. Qb3 Qb6 6. Qxb6 axb6 7. cxd5 Nxd5 8.
Nxd5 cxd5 9. Bb5+ Nc6 10. Bd2 f6 11. Ne2 Kf7 12. O-O e6 13. Rfc1 Rc8 14. a3 Bd6
15. Rc3 Rc7 16. Rac1 Rhc8 17. f3 h6 18. Be1 Ke7 1/2-1/2

[Event "VIII Open"]
[Site "Padova ITA"]
[Date "2005.12.15"]
[Round "6"]
[White "Cardili, Mariano"]
[Black "Del Monaco, Andrea"]
[Result "0-1"]
[WhiteElo "2066"]
[BlackElo "2234"]
[PlyCount "80"]
[EventDate "2005.12.10"]

1. d4 Nf6 2. c4 e6 3. Nc3 Bb4 4. e3 O-O 5. Nf3 c5 6. Bd3 d5 7. O-O Nc6 8. a3
Bxc3 9. bxc3 Qc7 10. Qc2 Re8 11. Re1 Na5 12. Ne5 b6 13. Bb2 dxc4 14. Nxc4 Nxc4
15. Bxc4 Bb7 16. Qe2 Rac8 17. Rac1 Red8 18. a4 h5 19. f3 h4 20. Ba6 Bxa6 21.
Qxa6 c4 22. Qb5 Rd5 23. Qb4 Ra5 24. Ba3 Nd5 25. Qd6 Qxd6 26. Bxd6 Rc6 27. e4
Rxd6 28. exd5 Rdxd5 29. Ra1 e5 30. dxe5 Rxe5 31. Rxe5 Rxe5 32. Rd1 Re3 33. Rd4
Rxc3 34. Rxh4 a6 35. Rd4 b5 36. axb5 axb5 37. Kf1 b4 38. Ke1 b3 39. Rd8+ Kh7
40. Rb8 Rc2 0-1

[Event "VIII Open"]
[Site "Padova ITA"]
[Date "2005.12.15"]
[Round "6"]
[White "Cedriano, Filippo"]
[Black "Bondielli, Giorgio"]
[Result "1-0"]
[WhiteElo "2039"]
[BlackElo "2005"]
[PlyCount "75"]
[EventDate "2005.12.10"]

1. d4 f5 2. g3 Nf6 3. Bg2 g6 4. Nh3 Bg7 5. O-O O-O 6. c3 c6 7. Nf4 Na6 8. Nd2
Kh8 9. Nf3 Ne4 10. Ne5 Qe8 11. f3 Nf6 12. e4 d6 13. Nc4 Nc7 14. e5 dxe5 15.
Nxe5 Nfd5 16. Nfd3 b6 17. Re1 Bb7 18. f4 Rc8 19. Qa4 a6 20. Bd2 Nf6 21. Qb3 Ne4
22. Qxb6 Nxd2 23. Qxb7 Ne4 24. Bxe4 fxe4 25. Rxe4 Nb5 26. Nc4 Qf7 27. Rxe7 Qxc4
28. Rxg7 Rc7 29. Rxc7 Nxc7 30. Ne5 Qe2 31. Qxc7 Qe3+ 32. Kf1 Rxf4+ 33. gxf4
Qxf4+ 34. Ke2 Qe4+ 35. Kd2 Qg2+ 36. Kd3 Qh3+ 37. Kc2 Qg2+ 38. Kb3 1-0

[Event "VIII Open"]
[Site "Padova ITA"]
[Date "2005.12.15"]
[Round "6"]
[White "Cipolotti, Piersilvio"]
[Black "Antoniacci, Riccardo"]
[Result "1-0"]
[WhiteElo "1703"]
[BlackElo "1972"]
[PlyCount "105"]
[EventDate "2005.12.10"]

1. Nf3 d5 2. g3 c5 3. Bg2 Nc6 4. O-O e5 5. d3 Be7 6. Nbd2 g5 7. e4 d4 8. Nc4 f6
9. a3 Be6 10. Ncd2 h5 11. h4 Bg4 12. Qe1 Qd7 13. Rb1 Nh6 14. Nc4 Nf7 15. Ncd2
Nd6 16. b4 cxb4 17. axb4 Nb5 18. Nc4 Bxf3 19. Bxf3 gxh4 20. Kg2 h3+ 21. Kh2 Nc3
22. Bd2 Nxb1 23. Qxb1 b5 24. Na5 Nxa5 25. bxa5 a6 26. Qd1 h4 27. Bh5+ Kd8 28.
gxh4 Rg8 29. Rg1 Kc7 30. Bg4 Qc6 31. Bf5 Rae8 32. Rxg8 Rxg8 33. Kxh3 Bf8 34. h5
Rh8 35. Kh4 Qc5 36. Qb1 b4 37. Qa2 Qe7 38. Qc4+ Kb7 39. Qc8+ Ka7 40. Qc6 Qd6
41. Qxd6 Bxd6 42. h6 Kb7 43. Kh5 Kc6 44. h7 Kb5 45. Bh6 Kxa5 46. Bg7 Rxh7+ 47.
Bxh7 Ka4 48. Bxf6 Ka3 49. Bg8 a5 50. Bg5 Kb2 51. Bb3 Bc7 52. Kg4 Kc3 53. f4 1-0

[Event "VIII Open"]
[Site "Padova ITA"]
[Date "2005.12.15"]
[Round "6"]
[White "D'Innocente, Stefano"]
[Black "Naumkin, Igor"]
[Result "1/2-1/2"]
[WhiteElo "2262"]
[BlackElo "2445"]
[PlyCount "94"]
[EventDate "2005.12.10"]

1. e4 e5 2. Nf3 Nc6 3. Bc4 Bc5 4. d3 Nf6 5. Nc3 h6 6. Be3 Bb6 7. Qd2 d6 8. h3
Be6 9. Bb5 O-O 10. Bxc6 bxc6 11. g4 Nd7 12. Bxb6 axb6 13. O-O h5 14. Ng5 hxg4
15. Nxe6 fxe6 16. hxg4 Rf7 17. f3 Nf8 18. Qe3 Qh4 19. Ne2 Nh7 20. Kg2 Ng5 21.
Rh1 Rxf3 22. Rxh4 Rxe3 23. Ng1 Rf8 24. Rh5 Nh7 25. Rh3 Rxh3 26. Nxh3 Nf6 27.
Kg3 d5 28. Re1 dxe4 29. dxe4 Rd8 30. Re2 Rd1 31. Ng5 Rf1 32. Rg2 Re1 33. Kf2
Ra1 34. Ke3 Rxa2 35. b3 Ra1 36. Rd2 Ra8 37. Nxe6 Nxg4+ 38. Kf3 Nf6 39. Nxc7 Rc8
40. Ne6 Re8 41. Ng5 Rf8 42. Ne6 Rc8 43. Rd6 b5 44. b4 Ne8 45. Rd8 Rxd8 46. Nxd8
Nd6 47. Nxc6 Nc4 1/2-1/2

[Event "VIII Open"]
[Site "Padova ITA"]
[Date "2005.12.15"]
[Round "6"]
[White "De Santis, Alessio"]
[Black "Drazic, Sinisa"]
[Result "0-1"]
[WhiteElo "2331"]
[BlackElo "2523"]
[PlyCount "84"]
[EventDate "2005.12.10"]

1. d4 c6 2. c4 f5 3. Nc3 Nf6 4. g3 g6 5. Bg2 Bg7 6. Nh3 O-O 7. O-O d6 8. d5 e5
9. dxe6 Qe7 10. b3 Na6 11. Ba3 Nc5 12. Rc1 Bxe6 13. Nf4 Bf7 14. e3 g5 15. Nfe2
Rad8 16. Nd4 Qd7 17. Qd2 Nfe4 18. Nxe4 fxe4 19. Rc2 Bg6 20. Bb2 Nd3 21. Bc3 Ne5
22. Kh1 a6 23. Ne2 Nf3 24. Qd1 Bxc3 25. Rxc3 Qg7 26. Rc1 Qh6 27. Bxf3 exf3 28.
Nd4 c5 29. Nc2 d5 30. cxd5 Be4 31. Qe1 Qh3 32. Rg1 g4 33. Qf1 Qg2+ 34. Rxg2
fxg2+ 35. Qxg2 Bxg2+ 36. Kxg2 Rxd5 37. Rf1 Rd2 38. Ne1 b5 39. Kg1 c4 40. bxc4
bxc4 41. f4 c3 42. e4 Rc8 0-1

[Event "VIII Open"]
[Site "Padova ITA"]
[Date "2005.12.15"]
[Round "6"]
[White "Dervishi, Erald"]
[Black "Isonzo, David"]
[Result "1-0"]
[WhiteElo "2489"]
[BlackElo "2337"]
[PlyCount "239"]
[EventDate "2005.12.10"]

1. e4 c5 2. Nf3 Nc6 3. d4 cxd4 4. Nxd4 g6 5. Nc3 Bg7 6. Be3 Nf6 7. Bc4 O-O 8.
Bb3 a5 9. a4 Ng4 10. Qxg4 Nxd4 11. Qh4 d6 12. Nd5 Re8 13. Bg5 Bf8 14. O-O Nxb3
15. cxb3 Be6 16. Rad1 Bxd5 17. Rxd5 Bg7 18. Rb5 Qd7 19. Bd2 Bxb2 20. Bxa5 Rec8
21. Qg3 Rc5 22. Rxc5 dxc5 23. Bc3 Bxc3 24. Qxc3 b6 25. h3 Rd8 26. a5 bxa5 27.
Qxa5 Rb8 28. Qxc5 Rxb3 29. Ra1 Rb8 30. e5 Rc8 31. Qe3 Qc6 32. Qg5 Qc3 33. Rd1
Qc2 34. Qg4 Qf5 35. Qd4 Rb8 36. Kh2 Rc8 37. Ra1 Qe6 38. Ra7 f6 39. exf6 Qxf6
40. Qe3 Rf8 41. Kg1 Rf7 42. g3 Qd6 43. Qe1 Qf6 44. h4 Qe5 45. Ra2 Qf6 46. Re2
Qd6 47. Re6 Qc5 48. Re5 Qd6 49. h5 gxh5 50. Rxh5 Qf6 51. Re5 Kf8 52. Qe3 Qd6
53. Rc5 Qd1+ 54. Kg2 Qd6 55. Rc8+ Kg7 56. Rc5 Kf8 57. Re5 Qc6+ 58. Kg1 Qd6 59.
Rc5 Qd1+ 60. Kg2 Qd6 61. Rc8+ Kg7 62. Qg5+ Qg6 63. Qe5+ Qf6 64. Qe2 Qf5 65. Rc4
Qd5+ 66. Kg1 Qd6 67. Qc2 Rf6 68. Re4 Re6 69. Qb2+ Rf6 70. Qe2 Kf8 71. Ra4 Qe6
72. Qd2 Qd6 73. Rd4 Qe6 74. Rd8+ Kg7 75. Rd5 Kf7 76. Rh5 Kg7 77. Rg5+ Kf7 78.
Qc2 Rg6 79. Rf5+ Kg8 80. Rf4 Rf6 81. Re4 Qd6 82. Qc8+ Kg7 83. Qg4+ Rg6 84. Qh5
Qf6 85. Qe2 e6 86. Qa2 Qf5 87. Qa7+ Qf7 88. Qd4+ Qf6 89. Qa4 Qf5 90. Qb4 Qf3
91. Rd4 Rf6 92. Qd2 h6 93. Rd7+ Rf7 94. Rd6 Qf5 95. Qd4+ Kh7 96. Rd8 Qf6 97.
Qe4+ Qf5 98. Qd4 Qf6 99. Qb6 Qa1+ 100. Kg2 Qf6 101. Rd3 Qf5 102. Qe3 Kg6 103.
Rd4 Kh7 104. Rd6 Re7 105. Kg1 Kg7 106. Rb6 Kh7 107. Qd4 Rf7 108. Qe3 Re7 109.
Qe2 Qf6 110. Rb8 e5 111. Qe4+ Kg7 112. Qg4+ Qg5 113. Qc8 Kg6 114. Qg8+ Kh5 115.
Qc4 Qg4 116. Qd5 Qe2 117. Rg8 Qe1+ 118. Kg2 Qe2 119. Qc6 Qd3 120. g4+ 1-0

[Event "VIII Open"]
[Site "Padova ITA"]
[Date "2005.12.15"]
[Round "6"]
[White "Gallo, Enrico"]
[Black "Opacic, Alexandar"]
[Result "1-0"]
[WhiteElo "2113"]
[BlackElo "2122"]
[PlyCount "65"]
[EventDate "2005.12.10"]

1. e4 c5 2. Nc3 Nc6 3. g3 d6 4. Bg2 g6 5. d3 Bg7 6. f4 Nf6 7. Nf3 Bd7 8. h3 Qc7
9. Be3 a6 10. Qd2 e6 11. O-O b5 12. g4 O-O 13. e5 Nd5 14. exd6 Qxd6 15. Ne4 Qc7
16. Bxc5 Rfc8 17. Nd6 Rd8 18. c4 bxc4 19. dxc4 Nf6 20. Qf2 Rab8 21. Rad1 Na5
22. b4 Nc6 23. Ne5 Nxb4 24. Ndxf7 Bf8 25. Bxf8 Rxf8 26. g5 Ba4 27. Nh6+ Kh8 28.
gxf6 Bxd1 29. Rxd1 Rxf6 30. Nd7 Rd8 31. Qd4 e5 32. fxe5 Nc6 33. Bxc6 1-0

[Event "VIII Open"]
[Site "Padova ITA"]
[Date "2005.12.15"]
[Round "6"]
[White "Lazic, Miroljub"]
[Black "Dragojlovic, Andjelko"]
[Result "1-0"]
[WhiteElo "2472"]
[BlackElo "2309"]
[PlyCount "42"]
[EventDate "2005.12.10"]

1. c4 Nf6 2. Nc3 d5 3. cxd5 Nxd5 4. Qb3 Nb6 5. Nf3 Nc6 6. d4 e6 7. e3 Be7 8.
Be2 O-O 9. O-O a5 10. Rd1 Bd7 11. Ne4 Nb4 12. Nc5 Bc6 13. a3 Na6 14. Qc2 Qe8
15. Nxa6 bxa6 16. Bd2 a4 17. Ne5 Bb5 18. Bf3 Rb8 19. Nc6 Bxc6 20. Bxc6 Qd8 21.
Rab1 21... Bd6 {...} 1-0

[Event "VIII Open"]
[Site "Padova ITA"]
[Date "2005.12.15"]
[Round "6"]
[White "Morganti, Lionello"]
[Black "Sautto, Alessandra"]
[Result "1/2-1/2"]
[WhiteElo "1691"]
[BlackElo "1939"]
[PlyCount "43"]
[EventDate "2005.12.10"]

1. e4 e6 2. d4 d5 3. Nd2 dxe4 4. Nxe4 Bd7 5. Nf3 Bc6 6. Bd3 Nd7 7. O-O Ngf6 8.
Nxf6+ Qxf6 9. Be2 h6 10. c3 Bd6 11. Nd2 O-O 12. Bf3 Bxf3 13. Qxf3 Qxf3 14. Nxf3
Rfe8 15. Be3 e5 16. dxe5 Nxe5 17. Nxe5 Bxe5 18. Rad1 Rad8 19. g3 Bd6 20. Rd3
Be5 21. Rfd1 Rxd3 22. Rxd3 1/2-1/2

[Event "VIII Open"]
[Site "Padova ITA"]
[Date "2005.12.15"]
[Round "6"]
[White "Mosconi, Ariel Oscar"]
[Black "Diotallevi, Maurizio"]
[Result "0-1"]
[WhiteElo "2164"]
[BlackElo "2113"]
[PlyCount "80"]
[EventDate "2005.12.10"]

1. e4 e6 2. d3 d5 3. Nd2 Nf6 4. Ngf3 Nc6 5. g3 dxe4 6. dxe4 e5 7. Bg2 Bc5 8.
O-O O-O 9. c3 a5 10. a4 Re8 11. h3 b6 12. Nh4 Ba6 13. Re1 g6 14. Bf3 Qe7 15.
Qb3 Rad8 16. Kg2 Bc8 17. Qb5 Qe6 18. Rh1 Nb8 19. Qf1 Bb7 20. Kh2 Nbd7 21. Qg2
Bf8 22. Nf1 Nc5 23. Bg5 Be7 24. Bxf6 Bxf6 25. Ne3 Qb3 26. Rhb1 Qe6 27. b4 axb4
28. cxb4 Na6 29. Nd5 Bxd5 30. exd5 Qe7 31. b5 Nc5 32. a5 e4 33. Nf5 gxf5 34.
Ra2 exf3 35. Qxf3 Qe4 36. Qd1 Rxd5 37. Qc1 Ne6 38. Qc6 Red8 39. Rc1 Nd4 40.
Qxf6 Nf3+ 0-1

[Event "VIII Open"]
[Site "Padova ITA"]
[Date "2005.12.15"]
[Round "6"]
[White "Navarro, Stefano"]
[Black "Di Lazzaro, Gabriele"]
[Result "1-0"]
[WhiteElo "2224"]
[BlackElo "2025"]
[PlyCount "63"]
[EventDate "2005.12.10"]

1. e4 c5 2. Nf3 g6 3. d4 cxd4 4. Nxd4 Nc6 5. Be3 Bg7 6. Nc3 Nf6 7. Be2 O-O 8.
O-O d5 9. exd5 Nxd5 10. Nxd5 Qxd5 11. Bf3 Qc4 12. Nxc6 bxc6 13. c3 Bf5 14. Qb3
Qa6 15. a4 Rab8 16. Qa3 Bd3 17. Rfd1 Be2 18. Bxe2 Qxe2 19. Rd2 Qc4 20. Bxa7 Rb7
21. Be3 Rfb8 22. a5 c5 23. a6 Rb5 24. a7 Ra8 25. Rad1 Qe4 26. Rd8+ Bf8 27. Rxa8
Qxa8 28. Bxc5 Kg7 29. b4 e6 30. Bxf8+ Kxf8 31. c4 Rg5 32. Rd8+ 1-0

[Event "VIII Open"]
[Site "Padova ITA"]
[Date "2005.12.15"]
[Round "6"]
[White "Quaranta, Gaetano"]
[Black "Chiesa, Roberto"]
[Result "0-1"]
[WhiteElo "1625"]
[BlackElo "1634"]
[PlyCount "100"]
[EventDate "2005.12.10"]

1. e4 e6 2. d4 d5 3. e5 c5 4. c3 Nc6 5. Nf3 Bd7 6. Bd3 cxd4 7. cxd4 Qb6 8. O-O
Nxd4 9. Nxd4 Qxd4 10. Nc3 a6 11. Be3 Qxe5 12. Re1 Nf6 13. Bc5 Qc7 14. Bd4 Be7
15. Rc1 Qa5 16. Qb3 Bc6 17. Bb6 Qb4 18. Qxb4 Bxb4 19. a3 Be7 20. Ne2 Nd7 21.
Ba5 Bf6 22. Rc2 O-O 23. Rec1 Ne5 24. Nf4 Nxd3 25. Nxd3 Rfc8 26. Bb6 Bd7 27. Nc5
Bc6 28. Nd3 h6 29. b4 Re8 30. Re1 e5 31. f3 e4 32. fxe4 Rxe4 33. Rxe4 dxe4 34.
Nf2 Bd8 35. Be3 f5 36. g4 fxg4 37. Nxg4 Bc7 38. Rc4 Re8 39. Rc2 Re6 40. Rg2 Kh7
41. h4 h5 42. Nf2 Rg6 43. Bg5 e3 44. Nd3 Bxg2 45. Kxg2 Bb6 46. Kf3 Rd6 47. Ke2
g6 48. Bf4 Rc6 49. Be5 Rc2+ 50. Kd1 Rd2+ 0-1

[Event "VIII Open"]
[Site "Padova ITA"]
[Date "2005.12.15"]
[Round "6"]
[White "Rosina, Graziano"]
[Black "Roberti, Ignazio"]
[Result "0-1"]
[WhiteElo "1509"]
[BlackElo "1937"]
[PlyCount "58"]
[EventDate "2005.12.10"]

1. e4 c5 2. Nf3 a6 3. c3 d5 4. exd5 Qxd5 5. d4 Nf6 6. c4 Qe4+ 7. Be2 cxd4 8.
Qxd4 Nc6 9. Qxe4 Nxe4 10. a3 g6 11. Nbd2 Nxd2 12. Bxd2 Bg7 13. O-O-O Bf5 14.
Bc3 Bh6+ 15. Bd2 Bg7 16. Bc3 Bh6+ 17. Bd2 Na5 18. Nd4 Bxd2+ 19. Kxd2 O-O-O 20.
Kc3 Bd7 21. b3 e5 22. Nc2 Nc6 23. g4 h5 24. h3 hxg4 25. hxg4 f5 26. f3 Nd4 27.
Nxd4 exd4+ 28. Kxd4 Rhe8 29. Bd3 Bc6+ 0-1

[Event "VIII Open"]
[Site "Padova ITA"]
[Date "2005.12.15"]
[Round "6"]
[White "Rossi, Carlo"]
[Black "Laketic, Gojko"]
[Result "0-1"]
[WhiteElo "2357"]
[BlackElo "2479"]
[PlyCount "53"]
[EventDate "2005.12.10"]

1. e4 Nf6 2. e5 Nd5 3. d4 d6 4. Nf3 g6 5. Bc4 Nb6 6. Bb3 Bg7 7. Ng5 e6 8. f4
dxe5 9. fxe5 c5 10. Qf3 O-O 11. dxc5 N6d7 12. Qh3 h6 13. Nxf7 Rxf7 14. Bxe6 Qe8
15. Bxf7+ Qxf7 16. Nc3 Qe8 17. O-O Nxe5 18. Qg3 Nbc6 19. Bd2 Qd7 20. Bf4 Qd4+
21. Be3 Qg4 22. Qf2 Be6 23. h3 Qb4 24. Qe1 Re8 25. a3 Qxb2 26. Rb1 Qxc2 27.
Rxb7 {...} 0-1